Introduction to The Constitution of India (Record no. 249542)

MARC details
000 -LEADER
fixed length control field 00438nam a22001697a 4500
008 - FIXED-LENGTH DATA ELEMENTS--GENERAL INFORMATION
fixed length control field 260514b |||||||| |||| 00| 0 eng d
020 ## - INTERNATIONAL STANDARD BOOK NUMBER
International Standard Book Number 9788119403721
082 ## - DEWEY DECIMAL CLASSIFICATION NUMBER
Classification number 342.54
100 ## - MAIN ENTRY--PERSONAL NAME
Personal name Durga Das Basu
245 ## - TITLE STATEMENT
Title Introduction to The Constitution of India
Statement of responsibility, etc Durga Das Basu
250 ## - EDITION STATEMENT
Edition statement 27th
260 ## - PUBLICATION, DISTRIBUTION, ETC. (IMPRINT)
Place of publication, distribution, etc Haryana
Name of publisher, distributor, etc LexisNexis
Date of publication, distribution, etc 2024
650 ## - SUBJECT ADDED ENTRY--TOPICAL TERM
Form subdivision Law
General subdivision Constiutional Law
942 ## - ADDED ENTRY ELEMENTS (KOHA)
Item type Books
Holdings
Withdrawn status Lost status Damaged status Permanent location Current location Shelving location Date acquired Source of acquisition Cost, normal purchase price Full call number Barcode Date last seen Koha item type
      CENTRAL LIBRARY, NOORUL ISLAM CENTRE FOR HIGHER EDUCATION CENTRAL LIBRARY, NOORUL ISLAM CENTRE FOR HIGHER EDUCATION Law 05/14/2026 Sukumar Book Stall, Trivsndrum 675.00 342.54 R4 LA039 05/14/2026 Books
Visitors:
Copyright © 2024 Central Library NICHE.  All rights reserved.